Normal view
MARC view
Entry Personal Name
001 - CONTROL NUMBER
- control field: 638280
003 - CONTROL NUMBER IDENTIFIER
- control field: OSt
005 - DATE AND TIME OF LATEST TRANSACTION
- control field: 20221005130533.0
008 - FIXED-LENGTH DATA ELEMENTS
- fixed length control field: 221005|| aca||aabn | a|a d
040 ## - CATALOGING SOURCE
- Original cataloging agency: OSt
- Transcribing agency: OSt
100 ## - HEADING--PERSONAL NAME
- Personal name: Oglesby Ray T
670 ## - SOURCE DATA FOUND
- Source citation: Work cat.: (OSt)1057592: Oglesby Ray T, River ecology & Man, 1972
